000
00309nam a2200121Ia 4500
008
190216s9999||||xx |||||||||||||| ||und||
100
_a
Dent Glasser L S
245
0
_a
Crystallography And Its Application
260
_b
English Language Book Society
_c
1979
300
_a
224p
650
_a
Chemistry
942
_c
BK
999
_c
2160
_d
2160